banner-ar

مدينة الاسكندرية / (Record no. 52943)

MARC details
000 -الفاتح
حقل البيانات ثابتة الطول 00578nam a2200181Ia 4500
008 - عناصر البيانات ثابتة الطول - معلومات عامة
حقل البيانات ثابتة الطول 140319s9999 xx 000 0 ara d
040 ## - مصدر الفهرسة
وكالة الفهرسة الأصلية GCL /
وكالة النسخ GCL
082 04 - رقم تصنيف ديوى العشرى
رقم التصنيف 912.11
رقم المادة ل م
100 1# - المدخل الرئيسى - إسم شخصى
الإسم الشخصى لوبيرجراتيان
245 10 - بيان العنوان
العنوان مدينة الاسكندرية /
بيان المسئوليه,etc لوبيرجراتيان
700 1# - المدخل الاضافى - اسم شخصى
الإسم الشخصى زهير الشايب
260 ## - PUBLICATION, DISTRIBUTION, ETC. (IMPRINT)
تاريخ النشر أو التوزيع 1991
300 ## - الوصف المادى
التعداد 188
490 ## - بيان السلسلة
عنوان السلسلة موسوعة وصف مصر
رقم المجلد/ التعيين التسلسلي 0
650 04 - المدخل الاضافى بالموضوع-مصطلح موضوعى
مصطلح موضوعي الاسكندرية - تاريخ
942 ## - عناصر المدخل الإضافي( كوها)
مصدر التصنيف او مخطط الترفيف Dewey Decimal Classification
Koha [default] item type كتاب
260 ## - PUBLICATION, DISTRIBUTION, ETC. (IMPRINT)
-- [S.N] :
-- لجنة الاعلام والدراسات المستقبلية ،
Holdings
حالة التراجع حالة الفقد حالة تلف ليس للاعارة المكان المؤقت الموقع الحالى تاريخ الاكتساب اجمالي اﻻعارات رقم الطلب الباركود تاريخ اخر مشاهدة تاريخ تفعيل السعر نوع وعاء كوها
        مكتبة القاهرة الكبرى مكتبة القاهرة الكبرى 03/26/2014   912.11\ل م 127044 03/26/2014 03/26/2014 كتاب

Powered By

EGPV